00684nam a2200229Ia 4500003000400000005001700004006001800021007000300039008004100042024001100083037001100094040001800105041001300123100001900136110007300155245008200228260000900310300001700319650001300336700003200349700007300381OSt20220930085436.0a|||||r|||| 00| 0ta220926b |||||||| |||| 00| 0 eng d a100456 cTheses aCRLcCRLbeng 2engaeng aPham Phuoc Mao aUniversity of Delhi. Faculty of Arts. Department of Buddhist Studies 0aCritical study of the concept of donation (Dana) as reflected in the tipitaka c2009 a307ap.ccm. aBUDDHISM a Dr. Indra Narain Singh Gu. aUniversity of Delhi. Faculty of Arts. Department of Buddhist Studies